Anagram of english words - Statistics

General Stats
  • This quiz has been taken 26 times
  • The average score is 10 of 20
Answer Stats
Word Anagram % Correct
GOD DOG
95%
FILE LIFE
90%
NOW
86%
WON OWN
81%
TAWER WATER
76%
GENRE GREEN
67%
VEALERS LEAVERS
67%
REVEALS
67%
HEART
52%
SOLVER LOVERS
52%
HATER EARTH
48%
SNAKE SNEAK
48%
PRIDES SPIDER
43%
FRINGE FINGER
38%
CLAMBERS SCRAMBLE
19%
DRIPES
14%
CUPRITE PICTURE
14%
HANDOUTS THOUSAND
14%
SEVERAL
10%
LAVEERS
0%
No matching quizzes found
Score Distribution
Percent of People with Each Score
Percentile by Number Answered
Your Score History
You have not taken this quiz